| 000 | 01774nam a2200313 i 4500 | ||
|---|---|---|---|
| 001 | 768714001 | ||
| 003 | CO-MdFUSB | ||
| 005 | 20230427103652.0 | ||
| 007 | ta | ||
| 008 | 150611t2015 ilu ob 000 | eng | ||
| 020 | _a9780830836949 | ||
| 040 |
_aDLC _beng _cCO-MdFUSB _dCO-MdFUSB |
||
| 041 | _aeng | ||
| 082 |
_223 _a224.307 _bR147p |
||
| 100 | 1 |
_aRah, Soong-Chan _eautor |
|
| 245 | 1 | 0 |
_aProphetic lament : _ba call for justice in troubled times _c/ Soong-Chan Rah |
| 264 | 1 |
_aDowners Grove : _bInterVarsity Press, _c[2015] |
|
| 264 | 4 | _c© 2015 | |
| 300 |
_a224 páginas ; _c22 cm |
||
| 336 |
_2rdacontent _atexto _btxt |
||
| 337 |
_2rdamedia _asin mediación _bn |
||
| 338 |
_2rdacarrier _avolumen _bnc |
||
| 505 | _aIntroducción: Un Llamado al Lamento -- Lamentaciones 1 -- La realidad del sufrimiento y la muerte: el contexto histórico de las lamentaciones -- El canto fúnebre: el género del lamento -- Voces de vergüenza silenciadas: Lamentaciones 1:1-22 -- Lamentaciones 2 -- Dios es Fiel: Lamentaciones 2:1-8 -- Lamento por una ciudad: Lamentaciones 2:1-9 -- Privilegio y Excepcionalismo: Lamentaciones 2:6-9 -- Se escuchan todas las voces: Lamentaciones 2:10-22 -- Lamentaciones 3 Una estructura para el lamento: El uso del acróstico en Lamentaciones -- Todo es personal: Lamentaciones 3 -- Un rayo de esperanza: Lamentaciones 3:21-60 -- Lamentaciones 4; 11 Persistiendo en el Lamento: Una Recapitulación de Lamentaciones -- Un mundo quebrantado: Lamentaciones 4:3-16 -- Lamentaciones 5 -- Un lamento por sí mismos: Lamentaciones 5 -- Terminación en clave menor -- Conclusión | ||
| 563 | _aRustico | ||
| 630 | 0 | 7 |
_aBiblia. _pLamentaciones _xCrítica, interpretación, etc. |
| 942 | _cBK | ||
| 945 | _aMag 1104 | ||
| 999 |
_c68778 _d68778 |
||